| 000 | 00393nam a22001457a 4500 | ||
|---|---|---|---|
| 082 | _aP-596 | ||
| 100 |
_aYasir Siraj _936202 |
||
| 245 |
_aDevelopment of quantity & cost estimation software using microsoft visual basic 2010 _bAutoestimator |
||
| 260 |
_aMCE _c2014 |
||
| 300 | _aP-120 | ||
| 526 |
_a0 _b0 _c0 _dP_596 |
||
| 650 | _aProject | ||
| 700 |
_aSyndicate-27 _947680 |
||
| 942 |
_2ddc _cBK |
||
| 999 |
_c550847 _d550847 |
||